The blood trilogy : Blood feast ; Two thousand maniacs ; Color me blood red /

Three cult horror films by Herschell Gordon Lewis and David F. Friedman.

Bibliographic Details
Corporate Author: Something Weird Video (Firm)
Other Authors: Friedman, David F., 1923-2011, Lewis, Herschell Gordon, 1926-2016, Kerwin, William, 1927-1989, Wood, Thomas, Arnold, Mal, Mason, Connie, 1937-, Allen, Jeffrey, Oas-Heim, Gordon, Conder, Candi, Warner, Elyn
Format: Video Blu-ray Disc
Language:English
Published: [Seattle, Wash.] : Something Weird Video, [2011]
Edition:Blu-Ray DVD.
Subjects:

MARC

Tag First Indicator Second Indicator Subfields
LEADER 00000cgm a2200000Ma 4500
001 in00002781339
005 20171111065022.0
007 vd csaizm
008 070508s2011 wau229 vleng d
024 1 |a 014381259322 
028 4 2 |a ID7286SWBD  |b Something Weird Video 
035 |a (OCoLC)ocn802321275 
035 |a (OCoLC)802321275 
040 |a EYM  |c EYM  |d OCLCO  |d UtOrBLW 
049 |a TXAM 
090 |a PN1995.9.H6  |b B515 2011 
245 0 4 |a The blood trilogy :  |b Blood feast ; Two thousand maniacs ; Color me blood red /  |c [produced by David F. Friedman ; directed by Herschell Gordon Lewis]. 
250 |a Blu-Ray DVD. 
264 1 |a [Seattle, Wash.] :  |b Something Weird Video,  |c [2011] 
264 4 |c ©2011 
300 |a 1 videodisc (approximately 229 min.) :  |b sound, color ;  |c 4 3/4 in. 
336 |a two-dimensional moving image  |b tdi  |2 rdacontent 
337 |a video  |b v  |2 rdamedia 
338 |a videodisc  |b vd  |2 rdacarrier 
538 |a Blu-Ray Disc. 
500 |a Title from container. 
511 1 |a Blood feast: Thomas Wood, Mal Arnold, Connie Mason. Two thousand maniacs: Connie Mason, Thomas Wood, Jeffrey Allen. Color me blood red: Don Joseph, Candi Conder, Elyn Warner. 
508 |a Blood feast: editors, Robert Sinise and Frank Romolo ; music, Herschell Gordon Lewis. Two thousand maniacs: editor, Robert Sinise; music, Herschell Gordon Lewis. Color me blood red: editor, Robert Sinise. 
520 |a Three cult horror films by Herschell Gordon Lewis and David F. Friedman. 
520 |a Blood feast: An Egyptian caterer kills various women in suburban Miami to use their body parts to bring to life a dormant Egyptian goddess, while an inept police detective try to track him down. 
520 |a Two thousand maniacs: Six people are lured into a small Deep South town for a Centennial celebration where the residents proceed to kill them one by one as revenge for the town's destruction during the Civil War. 
520 |a Color me blood red: A mad artist murders to obtain just the right shade of red pigment for his gruesome paintings. 
500 |a Extras include audio commentary by producer and director; outtakes and behind-the-scenes footage; original theatrical trailers; gallery of Friedman/ Lewis exploitation art; short film, "Carving Magic!"; short film, "Follow that skirt!"(1964); and trailer for "Herschell Gordon Lewis: the godfather of gore!". 
505 0 |a Blood feast (67 min.) (1963) -- Two thousand maniacs (83 min.) (1964) -- Color me blood red (79 min.) (1965). 
500 |a Videorecording. 
650 0 |a Serial murderers  |v Drama. 
655 7 |a Horror films.  |2 lcgft 
655 7 |a Feature films.  |2 lcgft 
655 7 |a Fiction films.  |2 lcgft 
700 1 |a Friedman, David F.,  |d 1923-2011. 
700 1 |a Lewis, Herschell Gordon,  |d 1926-2016. 
700 1 |a Kerwin, William,  |d 1927-1989. 
700 1 |a Wood, Thomas. 
700 1 |a Arnold, Mal. 
700 1 |a Mason, Connie,  |d 1937- 
700 1 |a Allen, Jeffrey. 
700 1 |a Oas-Heim, Gordon. 
700 1 |a Conder, Candi. 
700 1 |a Warner, Elyn. 
710 2 |a Something Weird Video (Firm) 
730 0 2 |a Blood feast. 
730 0 2 |a Two thousand maniacs. 
730 0 2 |a Color me blood red. 
994 |a C0  |b TXA 
948 |a cataloged  |b h  |c 2013/1/17  |d c  |e blrosas  |f 1:59:48 pm 
999 |a MARS 
999 f f |s ce28e11d-81bf-30c7-837b-fdca684e3d54  |i dc70606c-7ecb-354a-b924-c2f2a663f561  |t 0 
952 f f |p bluray  |a Texas A&M University  |b College Station  |c Sterling C. Evans Library  |d Evans: Media and Reserves (Annex 1st floor)  |t 0  |e PN1995.9.H6 B515 2011  |h Library of Congress classification  |i video -- videodisc  |m A14841626919 
998 f f |a PN1995.9.H6 B515 2011  |t 0  |l Evans: Media and Reserves (Annex 1st floor)